<?xml version="1.0" encoding="UTF-8"?>
<collection xmlns="http://www.loc.gov/MARC21/slim">
 <record>
  <leader>02039nam a2200289 a 4500</leader>
  <controlfield tag="001">TVCDKTCT12837</controlfield>
  <controlfield tag="003">Thư viện trường Cao đẳng Kỹ thuật Cao Thắng</controlfield>
  <controlfield tag="005">20110414000000</controlfield>
  <controlfield tag="008">110414</controlfield>
  <datafield tag="980" ind1="\" ind2="\">
   <subfield code="a">Thư viện Trường CĐ Kỹ Thuật Cao Thắng</subfield>
  </datafield>
  <datafield tag="024" ind1=" " ind2=" ">
   <subfield code="a">RG_1 #1 eb0 i1</subfield>
  </datafield>
  <datafield tag="020" ind1="#" ind2="#">
   <subfield code="a">0071473653</subfield>
  </datafield>
  <datafield tag="041" ind1="0" ind2="#">
   <subfield code="a">vie</subfield>
  </datafield>
  <datafield tag="082" ind1="#" ind2="#">
   <subfield code="a">658.041 / </subfield>
   <subfield code="b">M600S-j</subfield>
  </datafield>
  <datafield tag="100" ind1="1" ind2="#">
   <subfield code="a">M. Newman Jerry</subfield>
  </datafield>
  <datafield tag="245" ind1="0" ind2="0">
   <subfield code="a">My Secret Life on the McJob: Lessons from Behind the Counter Guaranteed to Supersize Any Management Style /</subfield>
   <subfield code="c">M. Newman Jerry</subfield>
  </datafield>
  <datafield tag="260" ind1="#" ind2="#">
   <subfield code="a">New York. :</subfield>
   <subfield code="b">McGraw -Hill ,</subfield>
   <subfield code="c">2006</subfield>
  </datafield>
  <datafield tag="300" ind1="#" ind2="#">
   <subfield code="a">240tr. ;</subfield>
   <subfield code="c">23 cm</subfield>
  </datafield>
  <datafield tag="520" ind1="#" ind2="#">
   <subfield code="a">Contents:</subfield>
  </datafield>
  <datafield tag="520" ind1="#" ind2="#">
   <subfield code="a">Jerry Newman, a college professor who has taught business courses for nearly 30 years, went undercover as a bottom-rung worker for the biggest names in fast food, including McDonald's and Burger King. Newman found that fast-food chains were the perfect petri dishes for covert research: High-pressure, high-volume businesses with high-employee turnover. The pecking order was also crystal clear, from fry cook all the way up to store manager.</subfield>
  </datafield>
  <datafield tag="520" ind1="#" ind2="#">
   <subfield code="a">Of the seven restaurants where Newman worked, some were high-morale, high-productivity machines. Others were miserable, misplaced circles of hell. Yet one common trait stuck out from them all: Each restaurant's respective manager determined the climate of the work environment.</subfield>
  </datafield>
  <datafield tag="520" ind1="#" ind2="#">
   <subfield code="a">Go behind the fast food counter with Newman and see what happens on an average day on the “McJob”…</subfield>
  </datafield>
  <datafield tag="520" ind1="#" ind2="#">
   <subfield code="a">how the restaurants are run (for better or worse)how managers reward good employees when raises are impossible (believe it or not, bosses give 'em more hours-and it works!)</subfield>
  </datafield>
  <datafield tag="520" ind1="#" ind2="#">
   <subfield code="a">how morale and motivation spring directly from the manager's office</subfield>
  </datafield>
  <datafield tag="520" ind1="#" ind2="#">
   <subfield code="a">and how a few simple adjustments to your own management style-the “Supersized Management Principles” in this book-can transform and invigorate your workplace</subfield>
  </datafield>
  <datafield tag="650" ind1="#" ind2="4">
   <subfield code="a">Management</subfield>
  </datafield>
  <datafield tag="650" ind1="#" ind2="4">
   <subfield code="a">Fast-food chains</subfield>
  </datafield>
 </record>
</collection>
